略号からJRの路線を当てる 〜本州 Hard〜 - Statistics

General Stats
  • This quiz has been taken 37 times
  • The average score is 9 of 35
Answer Stats
現在 電報略号 当時の路線名 % Correct
改称:外房線 ホサセ 房総西線
57%
改称:内房線 ホトセ 房総東線
57%
3セク:若桜鉄道 ワカセ 若桜線
57%
3セク:秋田内陸縦貫鉄道 アニセ 阿仁合線
47%
改称:大阪環状線、桜島線 ニナセ 西成線
43%
3セク:いすみ鉄道 キハセ 木原線
43%
廃止 クラセ 倉吉線
40%
3セク:天竜浜名湖鉄道 フマセ・フタセ 二俣(東・西)線
37%
3セク:わたらせ渓谷鐵道 アシセ 足尾線
33%
改称:大阪環状線 シトセ 城東線
30%
3セク:長良川鉄道 エナセ 越美南線
30%
3セク:明知鉄道 アチセ 明智線
30%
廃止 アカセ 赤谷線
27%
廃止 ウヌセ 魚沼線
27%
廃止 クロセ 黒石線
27%
3セク:山形鉄道 ナカセ 長井線
27%
3セク:北近畿タンゴ鉄道 ミツセ 宮津線
27%
3セク:会津鉄道 アツセ 会津線
27%
改称:山陽本線 ヤイセ 柳井線
23%
3セク:信楽高原鉄道 シラセ 信楽線
23%
改称:田沢湖線 ハシセ 橋場線
20%
廃止 サウセ 三江線
20%
廃止 アリセ 有馬線
20%
3セク:真岡鐵道 マカセ 真岡線
20%
改称:城端線 チエセ 中越線
17%
改称:北上線 オコセ 横黒線
17%
改称:男鹿線 フナセ 船川線
17%
改称:田沢湖線 オナセ 生保内線
17%
廃止 ミクセ 三国線
17%
改称:飯山線 トマセ 十日町線
13%
廃止:貨物線 シミセ 新湊線
10%
廃止 タイセ 大社線
10%
廃止 カマセ 川俣線
10%
改称:芸備線 サシセ 三神線
7%
廃止 シホセ 塩竈線
7%
No matching quizzes found
Score Distribution
Percent of People with Each Score
Percentile by Number Answered
Your Score History
You have not taken this quiz